American Geography Trivia - Statistics

General Stats
  • This quiz has been taken 46 times
  • The average score is 15 of 20
Answer Stats
Question Answer % Correct
In what state is it located? Alaska
97%
What is the tallest mountain in the United States? Denali
92%
What is the only Great Lake that does not touch Canada? Lake Michigan
92%
Where does it end? Louisiana
86%
What is the closest state to Africa? Maine
83%
What state is home to the Outer Banks? North Carolina
81%
What state borders the most other states? Tennessee or Missouri
81%
Largest city on that lake? Chicago, IL
78%
What is the only Great Lake that Michigan doesn't border? Lake Ontario
78%
What state has the lowest highest point? Florida
75%
What is the only state with no natural lakes? Maryland
75%
In what state does the Mississippi River start? Minnesota
75%
State other than the above that borders the Chesapeake Bay Virginia
75%
How many states do they border? 8
72%
How many have an Atlantic coast? 14
69%
What is the most densely populated state? New Jersey
69%
In what desert would you find Las Vegas? Mojave
61%
What is the largest city on the Mississippi River? Memphis, TN
44%
What is the deepest lake in the United States? Crater Lake
42%
What state is home to the geographic center of the United States? South Dakota
42%
No matching quizzes found
Score Distribution
Percent of People with Each Score
Percentile by Number Answered
Your Score History
You have not taken this quiz